000 00837nmm a22002057a 4500
005 20170213160839.0
008 170213b ck ||||| |||| 00| 0 spa d
040 _aCoBoIAvH
_cCoBoIAvH
041 _aspa
044 _ack
090 _aMM-
_b00388
111 1 _aTaller teórico práctico para el sector salud y alimentos (
_cPalmira,
_d6 y 7 de marzo de 2006)
245 1 0 _aTaller teórico práctico para el sector salud y alimentos - Detección de genes en plantas transgénicas :
_bmemorias de taller.
260 _aPalmira, Valle,
_bCiat,
_c2006.
300 _a1 CD-Rom
650 0 _aCultivos transgénicos
_vcongresos, conferencias, etc.
650 0 _aOrganismos transgénicos
_vcongresos, conferencias, etc.
650 0 _aAlimentos transgénicos
_zcongresos, conferencias, etc.
942 _2z
_cCD-ROM
999 _c19321
_d19321